Central Library OPAC University of Rajshahi

The population of Japan / (Record no. 36335)

MARC details
000 -LEADER
fixed length control field 00884nam a22002651 4500
001 - CONTROL NUMBER
control field 36335
003 - CONTROL NUMBER IDENTIFIER
rucl marc code BD-RjUL
005 - DATE AND TIME OF LATEST TRANSACTION
control field 20211209052455.0
008 - FIXED-LENGTH DATA ELEMENTS--GENERAL INFORMATION
fixed length control field 140621s1958 njub b 000 0 eng
035 ## - SYSTEM CONTROL NUMBER
System control number (BD-RjUL)36432
System control number (OCoLC)169702
040 ## - CATALOGING SOURCE
Original cataloging agency DLC
Transcribing agency ODaWU
Modifying agency OCoLC
-- NcRS
-- CoU-M
-- Uk
-- DLC
-- BD-RjUL
Language of cataloging eng
041 ## - LANGUAGE CODE
Language code of text/sound track or separate title eng
082 04 - DEWEY DECIMAL CLASSIFICATION NUMBER
Classification number 304.60952
Author mark and year TAP 1958
100 1# - MAIN ENTRY--PERSONAL NAME
Personal name Taeuber, Irene Barnes,
Dates associated with a name 1906-
9 (RLIN) 110571
245 14 - TITLE STATEMENT
Title The population of Japan /
Remainder of title Irene Barnes Taeuber.
260 ## - PUBLICATION, DISTRIBUTION, ETC. (IMPRINT)
Place of publication, distribution, etc. Princeton :
Name of publisher, distributor, etc. Princeton University Press,
Date of publication, distribution, etc. 1958.
300 ## - PHYSICAL DESCRIPTION
Pagination xvi, 461 p. :
Illustrations map. ;
Size 31 cm.
500 ## - GENERAL NOTE
General note "[Prepared] under the editorial sponsorrship of Office of Population Research, Princeton University."
504 ## - BIBLIOGRAPHY, ETC. NOTE
Bibliography, etc Bibliography: p. [395]-455 and index.
651 #0 - SUBJECT ADDED ENTRY--GEOGRAPHIC NAME
Geographic name Japan
General subdivision Population.
9 (RLIN) 102481
942 ## - ADDED ENTRY ELEMENTS (KOHA)
Source of classification or shelving scheme Dewey Decimal Classification
Koha item type Books
Holdings
Lost status Source of classification or shelving scheme Damaged status Not for loan Collection code Permanent Location Current Location Shelving location Date acquired Source of acquisition Cost, normal purchase price Total Checkouts Full call number Date last seen Copy number Koha item type
  Dewey Decimal Classification   Not For Loan Non-fiction Central Library, University of Rajshahi Central Library, University of Rajshahi Reading Room 07/01/1965 Zeitlinger. 120.00   304.60952 TAP 1958 21/06/2014 C-1 Books
  Dewey Decimal Classification     Non-fiction Central Library, University of Rajshahi Central Library, University of Rajshahi   25/04/1979 Japan Foundation, Gift.     304.60952 TAP 1958 21/06/2014 C-2 Books